Una tumba para los romanov : y otras historias con adn /

Guardado en:
Autor Principal: Alzogaray, Raúl A.
Formato: Libro
Publicado: Buenos Aires : Siglo veintiuno
Series:Colección Ciencia que ladra ... / dirigida por Diego Golombek
Materias:
Etiquetas: Agregar Etiqueta
Sin Etiquetas, Sea el primero en etiquetar este registro!
LEADER 00636nam a22002055a 4500
001 CEM.cems012668
005 20070821193739.0
008 130507b######################000#0#####d
003 CEMS
020 |a 9871105681 
082 0 4 |a 575.1 
100 1 |a Alzogaray, Raúl A. 
245 1 0 |a Una tumba para los romanov :  |b y otras historias con adn /  |c Raúl A. Alzogaray 
260 |a Buenos Aires :  |b Siglo veintiuno 
300 |a 128 p. 
490 0 |a Colección Ciencia que ladra ... / dirigida por Diego Golombek 
653 |a Biología 
653 |a Genética 
653 |a Ciencia-adn 
859 |a CEMS  |b BIB. CEMS - 11 de abril  |h 575.1  |i Al89  |p 23994.07  |t Ej.1